| 000 | 00645nam a2200169 a 4500 | ||
|---|---|---|---|
| 001 | 000042752 | ||
| 005 | 20201002040354.0 | ||
| 008 | 140206s1992 ve ac 000 0 spa d | ||
| 040 |
_aDO-SdBNP _bspa _cBNPHU |
||
| 082 |
_axxx _bM357c |
||
| 100 | 1 |
_aMárquez, Walter _d1951- _970076 |
|
| 245 | 1 | 0 |
_aComandos del crimen : _bla masacre de el amparo / _cWalter Oscar Márquez Rondón ; coordinación periodística German Carías. |
| 260 |
_aCaracas, Venezuela : _bFuentes Editores, _c1992. |
||
| 300 |
_a452 p. : _bil., retrs. ; _c21 cm. |
||
| 500 | _aIncluye datos biográficos del autor en la solapa de la cubierta. | ||
| 700 | 1 | 2 |
_aCarías, Germán _970077 |
| 999 |
_c42241 _d42241 |
||